[Event "BEL-ch U16"]
[Site "Houffalize"]
[Date "2009.04.16"]
[Round "6"]
[White "Weidert, Florian"]
[Black "De Ridder, Dieter"]
[Result "0-1"]
[WhiteElo "1479"]
[BlackElo "1914"]
[PlyCount "110"]
[EventDate "2009.04.13"]
[EventType "swiss"]
[EventRounds "9"]
[EventCountry "BEL"]
[SourceTitle "EXT 2012"]
[Source "ChessBase"]
[SourceDate "2011.11.24"]
[SourceVersion "1"]
[SourceVersionDate "2011.11.24"]
[SourceQuality "1"]

1. e4 e6 2. d4 d5 3. exd5 exd5 4. Nf3 Bg4 5. h3 Bh5 6. Bd3 Nc6 7. Be3 Bd6 8. c4 Nb4 9. c5 Bxf3 10. gxf3 Bf8 11. Qa4+ Nc6 12. Nc3 Nge7 13. 0-0-0 g6 14. Bf4 Bg7 15. Nb5 Rc8 16. Nxa7 Ra8 17. Nxc6 Rxa4 18. Nxd8 Kxd8 19. Rhe1 Nc6 20. Bg5+ f6 21. Be3 Rxa2 22. Kc2 Kd7 23. Bb5 Raa8 24. Bxc6+ Kxc6 25. Bd2 Rhe8 26. Re3 f5 27. Rxe8 Rxe8 28. Be3 f4 29. Bxf4 Re2+ 30. Kc3 Rxf2 31. Rd3 Re2 32. Re3 Rxe3+ 33. Bxe3 Kb5 34. b3 b6 35. cxb6 Kxb6 36. Kb4 Bf8+ 37. Kc3 Kb5 38. Bf2 Bg7 39. Kc2 Kc6 40. Kd3 Kd7 41. Bg3 c6 42. Bf2 Ke6 43. f4 Kf5 44. Ke3 Bf8 45. Kf3 Ba3 46. Be3 Bb2 47. Bf2 Bc1 48. Bg3 h5 49. Bh2 h4 50. Bg1 Bxf4 51. Bf2 g5 52. Bg1 g4+ 53. hxg4+ Kg5 54. Kg2 Kxg4 55. Bf2 h3+ 0-1

[Event "BEL-ch U16"]
[Site "Houffalize"]
[Date "2009.04.15"]
[Round "4"]
[White "Weidert, Florian"]
[Black "Decrop, Benjamin"]
[Result "1-0"]
[WhiteElo "1479"]
[BlackElo "1787"]
[PlyCount "49"]
[EventDate "2009.04.13"]
[EventType "swiss"]
[EventRounds "9"]
[EventCountry "BEL"]
[SourceTitle "EXT 2012"]
[Source "ChessBase"]
[SourceDate "2011.11.24"]
[SourceVersion "1"]
[SourceVersionDate "2011.11.24"]
[SourceQuality "1"]

1. e4 c5 2. Nf3 d6 3. d4 cxd4 4. Nxd4 Nf6 5. Nc3 g6 6. Be3 Bg7 7. f3 0-0 8. Qd2 Nc6 9. Bc4 Bd7 10. 0-0-0 a6 11. g4 b5 12. Bb3 Qc7 13. Nxc6 Bxc6 14. Bh6 Rfc8 15. Bxg7 Kxg7 16. h4 b4 17. Ne2 a5 18. h5 Rh8 19. Qd4 g5 20. h6+ Kf8 21. Ng3 Rg8 22. Nf5 Nd7 23. Qg7+ Rxg7 24. hxg7+ Kg8 25. Rxh7 1-0

[Event "BEL-ch U16"]
[Site "Houffalize"]
[Date "2009.04.14"]
[Round "3"]
[White "Ghyselen, Wouter"]
[Black "Weidert, Florian"]
[Result "1-0"]
[WhiteElo "1886"]
[BlackElo "1479"]
[PlyCount "48"]
[EventDate "2009.04.13"]
[EventType "swiss"]
[EventRounds "9"]
[EventCountry "BEL"]
[SourceTitle "EXT 2012"]
[Source "ChessBase"]
[SourceDate "2011.11.24"]
[SourceVersion "1"]
[SourceVersionDate "2011.11.24"]
[SourceQuality "1"]

1. d4 Nf6 2. c4 c5 3. d5 b5 4. cxb5 a6 5. bxa6 Bxa6 6. Nc3 g6 7. Nf3 d6 8. g3 Bg7 9. Bg2 Nbd7 10. 0-0 0-0 11. Rb1 Bb7 12. Re1 Nb6 13. e4 Nh5 14. Qc2 Bxc3 15. bxc3 Ba6 16. Bh6 Ng7 17. c4 Nxc4 18. Qc3 e5 19. dxe6 f6 20. Bf1 Ne5 21. Bxa6 Rxa6 22. Nxe5 fxe5 23. Qc4 Qc8 24. e7+ Rf7 1-0